| 000 | 00587 a2200181 4500 | ||
|---|---|---|---|
| 999 |
_c4591 _d4591 |
||
| 010 | _aENG-86460 | ||
| 020 |
_a0143099639 _c200.00 |
||
| 035 | _aEN-69993 | ||
| 037 | _bDBAD / PUB | ||
| 082 | 1 | 4 | _a320.540954 |
| 100 | 1 | _aSharma, Jyotirmaya | |
| 245 | 1 |
_aHindutva : _bexploring the idea of hindu nationalism / _cby Jyotirmaya Sharma |
|
| 260 |
_aNew Delhi _bPenguin Books _c2006 |
||
| 270 |
_a11, Community Centre, Panchsheel Park _bNew Delhi _cWest Bengal _e110 017 |
||
| 300 |
_a205 p. _c22cm (Pbk) |
||
| 500 | _aincludes index | ||
| 942 |
_adpl _cEN _2ddc _h320.540954 _mSHA |
||